00706nam a2200169Ia 4500008004100000020001900041082001600060100001800076245010700094260003300201300001100234440001600245500010000261650005600361952010200417999001700519120622s9999 xx 000 0 und d a958--9042-54-6 a380.1 M478e aMcIver, Colin aEl espejismo del mercadeo : como volverlo una realidad / Colin McIver ; tr. Jesús Villamizar Herrera aSanta Fé de Bogota : Legis a242 p. aEmpresarial aTítulo original: The marketing mirge : how to make it a reality \ Incluye índice temático a1. MERCADOTECNIA \ 2. MERCADEO - INVESTIGACIONESÌ 00104070a01b01d2007-01-25l1o380.1 M478Ep01 004782r2015-06-01s2015-06-01w2012-06-24yLB c58885d58885